[Event "Russian Women's Higher League 2021"]
[Site "?"]
[Date "2021.06.26"]
[Round "1.17"]
[White "Tochilkina, Ekaterina"]
[Black "Dordzhieva, Dinara"]
[Result "1-0"]
[WhiteElo "1877"]
[BlackElo "2311"]
[Annotator ""]
[Source ""]
[Remark ""]

1.e4 {[%clk 1:30:56]} c5 {[%clk 1:29:12]} 2.Nf3 {[%clk 1:31:20]}
d6 {[%clk 1:29:38]} 3.d4 {[%clk 1:31:46]} cxd4 {[%clk 1:30:04]}
4.Nxd4 {[%clk 1:32:10]} Nf6 {[%clk 1:30:30]} 5.Nc3 {[%clk 1:32:28]}
a6 {[%clk 1:30:55]} 6.Be2 {[%clk 1:32:53]} e6 {[%clk 1:31:15]}
7.O-O {[%clk 1:32:55]} Be7 {[%clk 1:31:32]} 8.f4 {[%clk 1:33:01]}
O-O {[%clk 1:31:06]} 9.a4 {[%clk 1:32:50]} Nc6 {[%clk 1:31:25]}
10.Kh1 {[%clk 1:32:36]} Qc7 {[%clk 1:29:48]} 11.Be3 {[%clk 1:32:16]}
Re8 {[%clk 1:24:09]} 12.Bf3 {[%clk 1:29:34]} Bd7 {[%clk 1:23:58]}
13.Nb3 {[%clk 1:29:41]} b6 {[%clk 1:23:21]} 14.g4 {[%clk 1:28:57]}
Bc8 {[%clk 1:23:46]} 15.g5 {[%clk 1:28:46]} Nd7 {[%clk 1:24:11]}
16.Bg2 {[%clk 1:28:01]} Bb7 {[%clk 1:24:37]} 17.Rf3 {[%clk 1:27:50]}
Nb4 {[%clk 1:21:29]} 18.Rh3 {[%clk 1:25:52]} g6 {[%clk 1:21:53]}
19.Qd2 {[%clk 1:25:15]} Nc5 {[%clk 1:09:12]} 20.Qf2 {[%clk 1:15:29]}
f5 {[%clk 1:08:46]} 21.Bd4 {[%clk 1:09:17]} Bf8 {[%clk 1:04:21]}
22.Re1 {[%clk 0:58:39]} Nxe4 {[%clk 0:47:13]} 23.Nxe4 {[%clk 0:55:49]}
Bxe4 {[%clk 0:47:40]} 24.Bxe4 {[%clk 0:48:31]} fxe4 {[%clk 0:48:06]}
25.Rxe4 {[%clk 0:46:09]} Rac8 {[%clk 0:31:07]} 26.c3 {[%clk 0:40:05]}
Qb7 {[%clk 0:30:40]} 27.Qg2 {[%clk 0:39:06]} Nd5 {[%clk 0:30:10]}
28.Nd2 {[%clk 0:33:45]} b5 {[%clk 0:28:09]} 29.Re1 {[%clk 0:25:39]}
Qf7 {[%clk 0:25:51]} 30.Ne4 {[%clk 0:17:47]} Be7 {[%clk 0:25:01]}
31.Rf1 {[%clk 0:15:13]} Nxf4 {[%clk 0:22:03]} 32.Nf6+ {[%clk 0:05:58]}
Bxf6 {[%clk 0:16:17]} 33.Rxf4 {[%clk 0:06:12]} e5 {[%clk 0:15:35]}
34.Rxf6 {[%clk 0:06:27]} Qc4 {[%clk 0:15:44]} 35.b3 {[%clk 0:04:35]}
Qc6 36.Qxc6 {[%clk 0:04:22]} Rxc6 {[%clk 0:14:08]} 37.axb5 {[%clk 0:04:07]}
axb5 {[%clk 0:14:33]} 38.Bf2 {[%clk 0:04:10]} Rec8 {[%clk 0:12:37]}
39.Rff3 {[%clk 0:03:52]} e4 {[%clk 0:08:13]} 40.Rfg3 {[%clk 0:03:38]}
Rf8 {[%clk 0:08:24]} 41.Bd4 {[%clk 0:01:59]} Rf5 {[%clk 0:08:42]}
42.Rh4 {[%clk 0:01:45]} d5 {[%clk 0:09:01]} 43.Rhg4 {[%clk 0:01:37]}
Ra6 {[%clk 0:08:56]} 44.Kg2 {[%clk 0:00:55]} Kf7 {[%clk 0:07:14]}
45.Rh4 {[%clk 0:00:49]} Kg8 {[%clk 0:07:41]} 46.b4 {[%clk 0:00:57]}
Ra2+ {[%clk 0:07:36]} 47.Kh3 {[%clk 0:01:18]} Rd2 {[%clk 0:07:36]}
48.Rhg4 {[%clk 0:01:00]} Kf7 {[%clk 0:06:41]} 49.Rg2 {[%clk 0:00:38]}
Rd1 {[%clk 0:06:54]} 50.Rh4 {[%clk 0:00:37]} Kg8 {[%clk 0:06:59]}
51.Rhg4 {[%clk 0:00:35]} Kf7 {[%clk 0:07:25]} 52.Bc5 {[%clk 0:00:38]}
Ke6 {[%clk 0:03:13]} 53.Rf2 {[%clk 0:00:37]} Rd3+ {[%clk 0:03:40]}
54.Rg3 {[%clk 0:00:43]} Rxg3+ {[%clk 0:03:37]} 55.Kxg3 {[%clk 0:00:39]}
Rxg5+ {[%clk 0:04:04]} 56.Kf4 {[%clk 0:00:56]} Rg1 57.Ke3 {[%clk 0:00:39]}
Rd1 {[%clk 0:04:00]} 58.Bd4 {[%clk 0:00:39]} Rd3+ {[%clk 0:04:11]}
59.Ke2 {[%clk 0:00:48]} Rh3 {[%clk 0:04:39]} 60.Rf6+ {[%clk 0:00:51]}
Ke7 {[%clk 0:05:06]} 61.Rf2 {[%clk 0:00:56]} Ke6 {[%clk 0:05:27]}
62.Be3 {[%clk 0:00:38]} h6 {[%clk 0:05:28]} 63.Bd4 {[%clk 0:00:40]}
g5 {[%clk 0:05:51]} 64.Kf1 {[%clk 0:00:36]} Ke7 {[%clk 0:05:12]}
65.Ra2 {[%clk 0:00:34]} h5 {[%clk 0:03:52]} 66.Kg2 {[%clk 0:00:35]}
Rd3 {[%clk 0:04:20]} 67.Rf2 {[%clk 0:00:40]} g4 {[%clk 0:03:01]}
68.Rf5 {[%clk 0:00:40]} h4 {[%clk 0:03:02]} 69.Rxd5 {[%clk 0:00:38]}
Rd2+ {[%clk 0:03:28]} 70.Kg1 {[%clk 0:00:40]} Rd1+ {[%clk 0:03:53]}
71.Kf2 {[%clk 0:00:33]} Rd2+ {[%clk 0:04:20]} 72.Ke3 {[%clk 0:00:40]}
Rxh2 {[%clk 0:04:38]} 73.Kxe4 {[%clk 0:00:38]} g3 {[%clk 0:03:39]}
74.Rg5 {[%clk 0:00:41]} Rd2 {[%clk 0:00:43]} 75.Kf3 {[%clk 0:00:36]}
Ke6 {[%clk 0:00:38]} 76.Rg4 {[%clk 0:00:35]} Rh2 {[%clk 0:00:40]}
77.Rg5 {[%clk 0:00:37]} Rd2 {[%clk 0:01:07]} 78.Rg4 {[%clk 0:00:40]}
Rh2 {[%clk 0:01:09]} 79.Bg1 {[%clk 0:00:33]} Rc2 {[%clk 0:00:40]}
80.Rxh4 {[%clk 0:00:39]} Rxc3+ {[%clk 0:01:04]} 81.Kg2 {[%clk 0:00:50]}
Rc4 {[%clk 0:00:56]} 82.Rxc4 {[%clk 0:00:38]} bxc4 {[%clk 0:01:21]}
83.Bd4 {[%clk 0:00:56]} Kd5 {[%clk 0:01:34]} 84.Bc3 {[%clk 0:01:21]}
Ke4 {[%clk 0:01:46]} 85.Kxg3 {[%clk 0:00:58]} Kd3 {[%clk 0:02:13]}
86.Bg7 {[%clk 0:01:08]} Ke4 {[%clk 0:02:36]} 87.Kf2 {[%clk 0:01:22]}
Kd5 1-0

[Event "Russian Women's Higher League 2021"]
[Site "?"]
[Date "2021.06.26"]
[Round "1.18"]
[White "Solozhenkina, Elizaveta"]
[Black "Plekhanova, Ekaterina"]
[Result "1-0"]
[WhiteElo "2306"]
[BlackElo "1858"]
[Annotator ""]
[Source ""]
[Remark ""]

1.e4 {[%clk 1:30:57]} e5 {[%clk 1:30:55]} 2.Nf3 {[%clk 1:31:19]}
Nc6 {[%clk 1:31:20]} 3.Bb5 {[%clk 1:31:42]} a6 {[%clk 1:31:44]}
4.Ba4 {[%clk 1:32:06]} Nf6 {[%clk 1:32:08]} 5.O-O {[%clk 1:32:24]}
Be7 {[%clk 1:32:30]} 6.Re1 {[%clk 1:32:42]} b5 {[%clk 1:32:53]}
7.Bb3 {[%clk 1:33:04]} d6 {[%clk 1:33:04]} 8.c3 {[%clk 1:30:05]}
O-O {[%clk 1:33:27]} 9.h3 {[%clk 1:30:29]} Nb8 {[%clk 1:33:47]}
10.d4 {[%clk 1:30:51]} Nbd7 {[%clk 1:34:05]} 11.c4 {[%clk 1:31:12]}
c6 {[%clk 1:32:36]} 12.Qc2 {[%clk 1:31:32]} Qc7 {[%clk 1:13:32]}
13.a3 {[%clk 1:28:52]} exd4 {[%clk 0:58:28]} 14.cxb5 {[%clk 1:20:13]}
axb5 {[%clk 0:56:28]} 15.Nxd4 {[%clk 1:20:36]} Nc5 {[%clk 0:56:28]}
16.Ba2 {[%clk 1:19:29]} Nfxe4 {[%clk 0:39:53]} 17.Rxe4 {[%clk 0:37:24]}
Nxe4 {[%clk 0:40:12]} 18.Qxe4 {[%clk 0:37:50]} d5 {[%clk 0:33:35]}
19.Qc2 {[%clk 0:35:28]} Bd7 {[%clk 0:32:17]} 20.Nc3 {[%clk 0:29:34]}
Qe5 {[%clk 0:21:33]} 21.Nf3 {[%clk 0:20:43]} Qh5 {[%clk 0:21:30]}
22.Ne2 {[%clk 0:21:05]} f5 {[%clk 0:11:18]} 23.Ne5 {[%clk 0:16:14]}
Be8 {[%clk 0:10:39]} 24.Nf4 {[%clk 0:15:17]} Qh4 {[%clk 0:10:31]}
25.Nxd5 {[%clk 0:11:32]} Kh8 {[%clk 0:05:51]} 26.Nc7 {[%clk 0:09:05]}
Bd6 {[%clk 0:01:25]} 27.Nxa8 {[%clk 0:06:29]} Bxe5 {[%clk 0:01:42]}
28.Qc5 {[%clk 0:06:55]} Qf6 {[%clk 0:00:59]} 29.Bg5 {[%clk 0:07:19]}
Qd6 {[%clk 0:00:54]} 30.Qxd6 {[%clk 0:07:40]} Bxd6 {[%clk 0:01:18]}
31.Rd1 {[%clk 0:08:04]} 1-0

[Event "Russian Women's Higher League 2021"]
[Site "?"]
[Date "2021.06.26"]
[Round "1.19"]
[White "Nikolaeva, Nadezhda"]
[Black "Borisova, Ekaterina"]
[Result "0-1"]
[WhiteElo "1839"]
[BlackElo "2304"]
[Annotator ""]
[Source ""]
[Remark ""]

1.d4 {[%clk 1:30:57]} Nf6 {[%clk 1:30:55]} 2.c4 {[%clk 1:31:20]}
e6 {[%clk 1:31:22]} 3.Nf3 {[%clk 1:31:40]} c5 {[%clk 1:31:49]}
4.d5 {[%clk 1:31:59]} exd5 {[%clk 1:32:12]} 5.cxd5 {[%clk 1:32:22]}
g6 {[%clk 1:32:40]} 6.Nc3 {[%clk 1:32:35]} Bg7 {[%clk 1:33:08]}
7.e4 {[%clk 1:32:49]} d6 {[%clk 1:33:34]} 8.Bd3 {[%clk 1:33:04]}
O-O {[%clk 1:33:57]} 9.O-O {[%clk 1:33:13]} Bg4 {[%clk 1:34:22]}
10.h3 {[%clk 1:33:09]} Bxf3 {[%clk 1:34:47]} 11.Qxf3 {[%clk 1:33:32]}
Nbd7 {[%clk 1:33:45]} 12.Qe2 {[%clk 1:29:21]} a6 {[%clk 1:32:46]}
13.a4 {[%clk 1:29:31]} Re8 {[%clk 1:33:12]} 14.Qc2 {[%clk 1:21:05]}
Qc7 {[%clk 1:27:06]} 15.Be3 {[%clk 1:19:32]} c4 {[%clk 1:20:37]}
16.Be2 {[%clk 1:19:57]} Nc5 {[%clk 1:21:03]} 17.f3 {[%clk 1:18:52]}
Nb3 {[%clk 1:19:34]} 18.Ra3 {[%clk 1:11:36]} Nd7 {[%clk 1:19:07]}
19.Rd1 {[%clk 1:09:05]} Ne5 {[%clk 1:08:36]} 20.Bf2 {[%clk 1:04:02]}
Nc5 {[%clk 1:07:51]} 21.Kh1 {[%clk 1:00:20]} Ncd3 {[%clk 1:05:02]}
22.Be3 {[%clk 0:58:25]} f5 {[%clk 0:50:57]} 23.b3 {[%clk 0:46:06]}
Rac8 {[%clk 0:46:08]} 24.Bg1 {[%clk 0:35:53]} cxb3 {[%clk 0:41:55]}
25.Rxb3 {[%clk 0:33:42]} fxe4 {[%clk 0:42:10]} 26.fxe4 {[%clk 0:33:58]}
Nc5 {[%clk 0:40:57]} 27.Rbb1 {[%clk 0:32:07]} Ned7 {[%clk 0:34:03]}
28.Bg4 {[%clk 0:27:37]} h5 {[%clk 0:22:03]} 29.Bf3 {[%clk 0:27:35]}
Ne5 {[%clk 0:21:48]} 30.Ne2 {[%clk 0:25:08]} Nxf3 {[%clk 0:21:11]}
31.gxf3 {[%clk 0:25:28]} Qf7 {[%clk 0:21:38]} 32.Kg2 {[%clk 0:11:31]}
Nxe4 {[%clk 0:21:51]} 33.Qd3 {[%clk 0:10:42]} Nc5 {[%clk 0:19:28]}
34.Bxc5 {[%clk 0:09:30]} Rxc5 {[%clk 0:19:54]} 35.Rbc1 {[%clk 0:06:05]}
Rxc1 {[%clk 0:17:00]} 36.Rxc1 {[%clk 0:06:33]} Qe7 {[%clk 0:17:28]}
37.Ng3 {[%clk 0:05:21]} Qg5 {[%clk 0:14:44]} 38.f4 {[%clk 0:03:59]}
Qxf4 {[%clk 0:13:56]} 39.Rf1 {[%clk 0:04:09]} Qg5 {[%clk 0:12:42]}
40.h4 {[%clk 0:03:25]} Re3 {[%clk 0:10:35]} 41.hxg5 {[%clk 0:02:45]}
Rxd3 {[%clk 0:09:06]} 42.Rb1 {[%clk 0:03:02]} Rxd5 {[%clk 0:09:15]}
43.Rxb7 {[%clk 0:02:58]} Rxg5 {[%clk 0:09:39]} 44.Kh3 {[%clk 0:02:04]}
Ra5 {[%clk 0:09:12]} 45.Rb4 {[%clk 0:02:11]} d5 {[%clk 0:09:37]}
46.Ne2 {[%clk 0:02:16]} g5 {[%clk 0:10:04]} 47.Kg3 {[%clk 0:02:16]}
Be5+ {[%clk 0:10:29]} 48.Kh3 {[%clk 0:02:37]} d4 {[%clk 0:10:48]}
49.Nxd4 {[%clk 0:02:46]} Bxd4 {[%clk 0:11:14]} 50.Rxd4 {[%clk 0:03:12]}
Kf7 {[%clk 0:11:41]} 51.Kg3 {[%clk 0:03:03]} Kf6 {[%clk 0:12:08]}
52.Rb4 {[%clk 0:03:19]} Kf5 {[%clk 0:12:33]} 53.Kf3 {[%clk 0:03:07]}
g4+ {[%clk 0:12:53]} 54.Kg3 {[%clk 0:03:31]} Kg5 {[%clk 0:13:21]}
55.Rc4 {[%clk 0:03:31]} h4+ {[%clk 0:13:46]} 56.Kg2 {[%clk 0:03:58]}
Rd5 {[%clk 0:14:07]} 0-1

[Event "Russian Women's Higher League 2021"]
[Site "?"]
[Date "2021.06.26"]
[Round "1.20"]
[White "Protopopova, Anastasiya"]
[Black "Mikheeva, Galina"]
[Result "1/2-1/2"]
[WhiteElo "2286"]
[BlackElo "1838"]
[Annotator ""]
[Source ""]
[Remark ""]

1.d4 {[%clk 1:30:54]} Nf6 {[%clk 1:30:55]} 2.c4 {[%clk 1:31:16]}
e6 {[%clk 1:31:21]} 3.Nc3 {[%clk 1:31:37]} d5 {[%clk 1:31:45]}
4.cxd5 {[%clk 1:32:02]} exd5 {[%clk 1:32:08]} 5.Bg5 {[%clk 1:32:21]}
Nbd7 {[%clk 1:32:27]} 6.e3 {[%clk 1:32:03]} Be7 {[%clk 1:32:46]}
7.Bd3 {[%clk 1:32:11]} c6 {[%clk 1:33:07]} 8.Nge2 {[%clk 1:32:06]}
Nf8 {[%clk 1:33:00]} 9.O-O {[%clk 1:29:09]} Ne6 {[%clk 1:32:51]}
10.Bh4 {[%clk 1:28:26]} g6 {[%clk 1:33:01]} 11.f3 {[%clk 1:26:32]}
O-O {[%clk 1:32:57]} 12.Kh1 {[%clk 1:18:58]} b6 {[%clk 1:27:51]}
13.Bf2 {[%clk 1:11:38]} Bb7 {[%clk 1:25:29]} 14.e4 {[%clk 1:05:40]}
c5 {[%clk 1:12:01]} 15.e5 {[%clk 1:04:04]} Nh5 {[%clk 1:09:21]}
16.g3 {[%clk 1:01:02]} f5 {[%clk 1:01:53]} 17.Bc2 {[%clk 0:52:13]}
Nhg7 {[%clk 0:54:44]} 18.Qd2 {[%clk 0:44:55]} a6 {[%clk 0:46:24]}
19.Kg2 {[%clk 0:29:15]} c4 {[%clk 0:38:17]} 20.h4 {[%clk 0:22:11]}
b5 {[%clk 0:22:29]} 21.a3 {[%clk 0:19:52]} Qe8 {[%clk 0:19:52]}
22.Rh1 {[%clk 0:16:57]} a5 {[%clk 0:18:53]} 23.Nf4 {[%clk 0:12:19]}
Nxf4+ {[%clk 0:18:27]} 24.Qxf4 {[%clk 0:12:43]} b4 {[%clk 0:15:35]}
25.Ne2 {[%clk 0:06:53]} b3 {[%clk 0:14:46]} 26.Bd1 {[%clk 0:06:27]}
Ra6 {[%clk 0:14:26]} 27.Qd2 {[%clk 0:05:59]} Qf7 {[%clk 0:07:55]}
28.Be3 {[%clk 0:05:47]} Rc8 {[%clk 0:06:47]} 29.Nc3 {[%clk 0:04:15]}
Ne6 {[%clk 0:05:42]} 30.Be2 {[%clk 0:04:13]} Rf8 {[%clk 0:04:31]}
31.Bh6 {[%clk 0:04:11]} Rc8 {[%clk 0:04:05]} 32.Raf1 {[%clk 0:03:14]}
a4 {[%clk 0:03:12]} 33.Bd1 {[%clk 0:01:28]} Bd8 {[%clk 0:02:03]}
34.f4 {[%clk 0:00:52]} Ba5 {[%clk 0:00:50]} 35.Bf3 {[%clk 0:01:08]}
Rd8 {[%clk 0:00:42]} 36.Qe3 {[%clk 0:01:10]} Bc6 {[%clk 0:00:45]}
37.h5 {[%clk 0:00:56]} Bb6 {[%clk 0:00:38]} 38.Ne2 {[%clk 0:01:12]}
Qa7 {[%clk 0:00:48]} 39.Rd1 {[%clk 0:01:33]} Kf7 {[%clk 0:00:36]}
40.hxg6+ {[%clk 0:01:57]} hxg6 {[%clk 0:01:02]} 41.Bg5 {[%clk 0:29:52]}
Rg8 {[%clk 0:27:35]} 42.g4 {[%clk 0:17:53]} Qd7 {[%clk 0:20:40]}
43.Rh7+ {[%clk 0:10:44]} Rg7 {[%clk 0:19:26]} 44.Rdh1 {[%clk 0:10:57]}
Bd8 {[%clk 0:16:32]} 45.gxf5 {[%clk 0:07:29]} gxf5 {[%clk 0:16:23]}
46.Bh5+ {[%clk 0:07:32]} Kg8 {[%clk 0:07:48]} 47.Rh8+ {[%clk 0:06:53]}
Kxh8 {[%clk 0:08:14]} 48.Be8+ {[%clk 0:07:17]} Kg8 {[%clk 0:08:36]}
49.Bxd7 {[%clk 0:07:35]} Bxd7 {[%clk 0:07:55]} 50.Kf2 {[%clk 0:07:20]}
Bxg5 {[%clk 0:05:02]} 51.fxg5 {[%clk 0:07:41]} Nxg5 {[%clk 0:05:26]}
52.Nc3 {[%clk 0:04:01]} f4 {[%clk 0:02:30]} 53.Qe1 {[%clk 0:03:32]}
Nh3+ {[%clk 0:02:22]} 54.Rxh3 {[%clk 0:02:31]} Bxh3 {[%clk 0:02:48]}
55.Nxd5 {[%clk 0:02:45]} Rg2+ {[%clk 0:01:22]} 56.Kf3 {[%clk 0:03:10]}
Rxb2 {[%clk 0:01:27]} 57.Kxf4 {[%clk 0:02:51]} Rg2 {[%clk 0:01:16]}
58.Nf6+ {[%clk 0:02:17]} Kf7 {[%clk 0:01:18]} 59.Qb4 {[%clk 0:00:44]}
Rxf6+ {[%clk 0:00:35]} 60.exf6 {[%clk 0:01:09]} Kxf6 {[%clk 0:00:51]}
61.Qxc4 {[%clk 0:01:13]} b2 {[%clk 0:01:05]} 62.Qc6+ {[%clk 0:00:47]}
Kf7 {[%clk 0:00:46]} 63.Qb7+ {[%clk 0:01:01]} Kf6 {[%clk 0:01:11]}
64.d5 {[%clk 0:00:53]} Rf2+ {[%clk 0:01:19]} 65.Ke3 {[%clk 0:00:50]}
Bf5 {[%clk 0:01:23]} 66.Kxf2 {[%clk 0:00:35]} b1Q {[%clk 0:01:46]}
67.Qxb1 {[%clk 0:01:01]} Bxb1 {[%clk 0:02:09]} 68.Ke2 {[%clk 0:01:27]}
Ke5 1/2-1/2

[Event "Russian Women's Higher League 2021"]
[Site "?"]
[Date "2021.06.26"]
[Round "1.21"]
[White "Baisheva, Nyurguiaana"]
[Black "Goltseva, Ekaterina"]
[Result "0-1"]
[WhiteElo "1782"]
[BlackElo "2272"]
[Annotator ""]
[Source ""]
[Remark ""]

1.e4 {[%clk 1:30:57]} e5 {[%clk 1:30:55]} 2.Nf3 {[%clk 1:31:19]}
Nc6 {[%clk 1:31:21]} 3.Bb5 {[%clk 1:31:45]} a6 {[%clk 1:31:48]}
4.Bxc6 {[%clk 1:31:52]} dxc6 {[%clk 1:32:12]} 5.O-O {[%clk 1:32:19]}
Be7 {[%clk 1:32:30]} 6.d4 {[%clk 1:31:07]} exd4 {[%clk 1:32:13]}
7.Nxd4 {[%clk 1:31:25]} Nf6 {[%clk 1:31:20]} 8.f3 {[%clk 1:30:20]}
O-O {[%clk 1:29:51]} 9.Be3 {[%clk 1:30:14]} Re8 {[%clk 1:26:27]}
10.Nc3 {[%clk 1:29:30]} Bd6 {[%clk 1:23:56]} 11.Qd2 {[%clk 1:26:36]}
Qe7 {[%clk 1:21:56]} 12.Rfe1 {[%clk 1:23:48]} Bd7 {[%clk 1:16:01]}
13.Rad1 {[%clk 1:22:33]} Rad8 {[%clk 1:13:45]} 14.Qf2 {[%clk 1:21:41]}
Qe5 {[%clk 1:00:38]} 15.Qh4 {[%clk 1:13:32]} Qh5 {[%clk 0:39:54]}
16.Qxh5 {[%clk 1:12:59]} Nxh5 {[%clk 0:40:19]} 17.Nce2 {[%clk 1:12:41]}
c5 {[%clk 0:34:58]} 18.Nb3 {[%clk 1:12:47]} b6 {[%clk 0:34:39]}
19.g4 {[%clk 1:06:21]} Nf6 {[%clk 0:34:46]} 20.Bg5 {[%clk 1:04:11]}
Be5 {[%clk 0:28:33]} 21.c3 {[%clk 1:02:24]} h6 {[%clk 0:28:30]}
22.Bh4 {[%clk 1:01:29]} g5 {[%clk 0:24:53]} 23.Bg3 {[%clk 1:00:27]}
h5 {[%clk 0:23:21]} 24.h3 {[%clk 0:58:02]} h4 {[%clk 0:22:09]}
25.Bxe5 {[%clk 0:57:38]} Rxe5 {[%clk 0:22:37]} 26.c4 {[%clk 0:55:24]}
Ree8 {[%clk 0:19:04]} 27.Nc3 {[%clk 0:52:30]} Bc6 {[%clk 0:18:44]}
28.Nc1 {[%clk 0:50:48]} Nd7 {[%clk 0:17:02]} 29.Nd3 {[%clk 0:51:01]}
Nf8 {[%clk 0:17:05]} 30.Nd5 {[%clk 0:49:30]} Bxd5 {[%clk 0:17:22]}
31.exd5 {[%clk 0:49:54]} Ng6 {[%clk 0:16:28]} 32.Kf2 {[%clk 0:49:11]}
Kf8 {[%clk 0:11:14]} 33.Re4 {[%clk 0:45:41]} Rd6 {[%clk 0:09:50]}
34.Rde1 {[%clk 0:43:43]} Red8 {[%clk 0:09:58]} 35.R1e3 {[%clk 0:39:51]}
c6 {[%clk 0:06:58]} 36.dxc6 {[%clk 0:39:08]} Rxc6 {[%clk 0:07:25]}
37.Ne5 {[%clk 0:38:30]} Nxe5 {[%clk 0:06:57]} 38.Rxe5 {[%clk 0:38:56]}
Rd2+ {[%clk 0:07:09]} 39.Re2 {[%clk 0:39:18]} Rxe2+ {[%clk 0:07:31]}
40.Kxe2 {[%clk 0:39:43]} f6 {[%clk 0:07:27]} 41.Rd5 {[%clk 0:38:48]}
Re6+ {[%clk 0:07:01]} 42.Kd2 {[%clk 0:37:13]} Ke7 {[%clk 0:07:15]}
43.a3 {[%clk 0:34:31]} Rd6 {[%clk 0:05:15]} 44.Rd3 {[%clk 0:27:53]}
Ke6 {[%clk 0:04:08]} 45.a4 {[%clk 0:26:26]} Rxd3+ {[%clk 0:01:50]}
46.Kxd3 {[%clk 0:26:51]} Ke5 {[%clk 0:02:12]} 47.Ke3 {[%clk 0:26:47]}
f5 {[%clk 0:02:01]} 48.Kd3 {[%clk 0:24:31]} fxg4 {[%clk 0:01:29]}
49.fxg4 {[%clk 0:24:56]} Kf4 {[%clk 0:01:39]} 50.Ke2 {[%clk 0:24:13]}
Kg3 {[%clk 0:01:16]} 51.Ke3 {[%clk 0:24:38]} Kxh3 {[%clk 0:01:06]}
52.Kf3 {[%clk 0:25:04]} a5 {[%clk 0:01:23]} 53.b3 {[%clk 0:25:26]}
Kh2 {[%clk 0:01:49]} 54.Kf2 {[%clk 0:25:51]} h3 {[%clk 0:02:15]} 0-1

[Event "Russian Women's Higher League 2021"]
[Site "?"]
[Date "2021.06.26"]
[Round "1.22"]
[White "Shafigullina, Zarina"]
[Black "Kostornichenko, Yana"]
[Result "1-0"]
[WhiteElo "2244"]
[BlackElo "1773"]
[Annotator ""]
[Source ""]
[Remark ""]

1.d4 {[%clk 1:30:49]} Nf6 {[%clk 1:30:52]} 2.Nf3 {[%clk 1:31:13]}
e6 {[%clk 1:31:09]} 3.g3 {[%clk 1:31:38]} c5 {[%clk 1:31:17]}
4.Bg2 {[%clk 1:31:59]} cxd4 {[%clk 1:31:03]} 5.O-O {[%clk 1:32:24]}
d5 {[%clk 1:31:22]} 6.b3 {[%clk 1:30:41]} Be7 {[%clk 1:27:24]}
7.Bb2 {[%clk 1:30:55]} Nc6 {[%clk 1:26:23]} 8.Nxd4 {[%clk 1:31:12]}
O-O {[%clk 1:25:03]} 9.Nd2 {[%clk 1:30:02]} Qc7 {[%clk 1:21:17]}
10.N2f3 {[%clk 1:28:28]} Bd7 {[%clk 1:16:14]} 11.Rc1 {[%clk 1:28:26]}
Rac8 {[%clk 1:13:31]} 12.Nxc6 {[%clk 1:24:14]} bxc6 {[%clk 1:13:24]}
13.c4 {[%clk 1:24:23]} Qa5 {[%clk 1:09:26]} 14.a4 {[%clk 1:18:14]}
Rfd8 {[%clk 0:55:52]} 15.Qc2 {[%clk 1:15:38]} c5 {[%clk 0:54:05]}
16.Ne5 {[%clk 1:10:48]} Be8 {[%clk 0:53:13]} 17.e3 {[%clk 1:07:55]}
Qb6 {[%clk 0:48:11]} 18.Rb1 {[%clk 1:05:48]} Rb8 {[%clk 0:40:18]}
19.Ba1 {[%clk 1:04:50]} Qa6 {[%clk 0:37:41]} 20.Rfd1 {[%clk 1:00:11]}
dxc4 {[%clk 0:34:42]} 21.Nxc4 {[%clk 1:00:00]} Bc6 {[%clk 0:32:23]}
22.e4 {[%clk 0:57:57]} Qb7 {[%clk 0:24:31]} 23.Bxf6 {[%clk 0:56:50]}
gxf6 {[%clk 0:22:05]} 24.Na5 {[%clk 0:55:17]} Qc7 {[%clk 0:20:57]}
25.Nxc6 {[%clk 0:54:51]} Qxc6 {[%clk 0:21:21]} 26.e5 {[%clk 0:54:25]}
Qb6 {[%clk 0:21:11]} 27.Re1 {[%clk 0:49:52]} Rd4 {[%clk 0:19:53]}
28.exf6 {[%clk 0:47:17]} Bxf6 {[%clk 0:20:04]} 29.Be4 {[%clk 0:47:20]}
h6 {[%clk 0:20:11]} 30.Qe2 {[%clk 0:44:44]} Qb4 {[%clk 0:17:39]}
31.Qf3 {[%clk 0:43:09]} Bg7 {[%clk 0:17:20]} 32.Bd3 {[%clk 0:41:57]}
Rbd8 {[%clk 0:15:58]} 33.Bc4 {[%clk 0:42:11]} Qb6 {[%clk 0:13:47]}
34.Rbc1 {[%clk 0:39:41]} Qd6 {[%clk 0:13:23]} 35.a5 {[%clk 0:34:39]}
Rd2 {[%clk 0:12:38]} 36.a6 {[%clk 0:30:29]} Bd4 {[%clk 0:11:47]}
37.Re2 {[%clk 0:30:12]} Bg7 {[%clk 0:10:31]} 38.Rce1 {[%clk 0:27:51]}
Rxe2 {[%clk 0:09:11]} 39.Rxe2 {[%clk 0:25:33]} Qe7 {[%clk 0:06:12]}
40.Kg2 {[%clk 0:25:30]} Qc7 {[%clk 0:05:41]} 41.Ra2 {[%clk 0:23:22]}
Qb8 {[%clk 0:05:30]} 42.Qb7 {[%clk 0:21:07]} Be5 {[%clk 0:04:12]}
43.Ra5 {[%clk 0:18:37]} Rc8 {[%clk 0:02:34]} 44.Rb5 {[%clk 0:17:29]}
Qc7 {[%clk 0:02:00]} 45.Qxc7 {[%clk 0:12:43]} Rxc7 {[%clk 0:02:13]}
46.f4 {[%clk 0:13:02]} Bd6 {[%clk 0:02:21]} 47.Rb8+ {[%clk 0:13:15]}
Kg7 {[%clk 0:02:43]} 48.Kf3 {[%clk 0:12:40]} Rd7 {[%clk 0:01:54]}
49.Rb7 {[%clk 0:12:42]} Rc7 {[%clk 0:02:07]} 50.Ke4 {[%clk 0:12:17]}
Kf6 {[%clk 0:01:46]} 51.Bb5 {[%clk 0:11:05]} Rxb7 {[%clk 0:01:15]}
52.axb7 {[%clk 0:11:31]} Ke7 {[%clk 0:01:28]} 53.g4 {[%clk 0:10:58]}
Kd8 {[%clk 0:01:02]} 54.h4 {[%clk 0:10:11]} Kc7 {[%clk 0:00:56]}
55.Be8 {[%clk 0:08:39]} f6 {[%clk 0:01:04]} 56.Bf7 {[%clk 0:03:51]}
Kxb7 57.Bxe6 {[%clk 0:04:19]} Kc7 {[%clk 0:00:56]} 58.Kf5 {[%clk 0:03:38]}
Kb6 {[%clk 0:01:04]} 59.g5 {[%clk 0:02:02]} fxg5 {[%clk 0:01:17]}
60.fxg5 {[%clk 0:02:21]} hxg5 {[%clk 0:01:19]} 61.hxg5 {[%clk 0:02:46]}
c4 {[%clk 0:00:41]} 62.Bxc4 {[%clk 0:02:32]} Ba3 {[%clk 0:01:03]}
63.Bf7 {[%clk 0:01:09]} a5 {[%clk 0:01:16]} 64.Be8 {[%clk 0:01:03]}
Kc7 {[%clk 0:01:25]} 65.Ke6 {[%clk 0:01:21]} Kd8 {[%clk 0:01:22]}
66.Ba4 {[%clk 0:01:35]} Bb2 {[%clk 0:01:42]} 67.g6 {[%clk 0:01:54]}
Kc7 {[%clk 0:02:07]} 68.Kf7 {[%clk 0:02:20]} Kd6 {[%clk 0:30:17]}
69.g7 {[%clk 0:32:38]} Bxg7 {[%clk 0:30:41]} 70.Kxg7 {[%clk 0:33:05]} 1-0